000 00594nam a22002177a 4500
003 UA-OsUOA
001 119012
007 ta
008 20160929b un ||||| |||| 00| 0 ukr d
090 _a821.161.2
_bА72
942 _cBK
040 _aUA-OsUOA
_bukr
_cUA-OsUOA
_dUA-OsUOA
245 _aАнтологія української поезії
300 _a424 с.
955 _a3
041 _aukr
080 _a821.161.2
260 _aК.
_bХудожня література
_c1958
650 7 _a82 Література. Літературознавство
_2UDC
999 _c405215
_d405215